00882nam a2200241 i 450000100060000000300090000600500170001500700030003200800410003508000280007608000210010410000360012524501780016124600270033925000120036626000500037830000460042849000330047460000510050774000130055883000330057185200360060442767ES-MaACL20250712062538.0t|030314s1959 sp cfo |||| |aspa d a929 Cela, Camilo José a821.134.2-94"19"1 aCela, Camilo José,d1916-200213aLa cucaña b: memorias de Camilo José Cela. nTranco primero, pInfancia dorada, pubertad siniestra, primera juventud. nLibro primero, pLa rosa / cCamilo José Cela.18aLa cucaña. pLa rosa a1ª ed. aBarcelona : bDestino, c[1959] (fClarasó) a223 p., [22] p. de lám. fot. ; c22 cm.1 aSer o no ser. aBiografías14aCela, Camilo José,d1916-2002-xBiografías32aLa rosa.0 aSer o no ser. aBiografías aES-MaACLjE-3566 z- enc. cart.